书目信息 |
| 题名: |
一级注册结构工程师基础考试必读
|
|
| 作者: | 穆保岗 , 邹胜斌 , 王冲 主编 | |
| 分册: | ||
| 出版信息: | 南京 东南大学出版社 2003 |
|
| 页数: | 824页 | |
| 开本: | 26cm | |
| 丛书名: | ||
| 单 册: | ||
| 中图分类: | TU3 | |
| 科图分类: | ||
| 主题词: | 建筑结构--工程师--资格考试--自学参考资料 | |
| 电子资源: | ||
| ISBN: | 7-81050-738-9 | |
| 000 | 00818nam0 2200265 45 | |
| 001 | 012004000000 | |
| 005 | 20050421152643.49 | |
| 010 | @a7-81050-738-9@dCNY 88.00 | |
| 100 | @a20041231d200 em y0chiy0121 ea | |
| 101 | 0 | @achi |
| 102 | @aCN@b320000 | |
| 105 | @aak z 000yy | |
| 200 | 1 | @a一级注册结构工程师基础考试必读@Ayi ji zhu ce jie gou gong cheng shi ji chu kao shi bi du@f穆保岗, 邹胜斌, 王冲主编 |
| 205 | @a第2版 | |
| 210 | @a南京@c东南大学出版社@d2003 | |
| 215 | @a824页@c图, 表格@d26cm | |
| 300 | @a2003新规范 | |
| 320 | @a书末附参考文献 | |
| 606 | 0 | @a建筑结构@x工程师@x资格考试@j自学参考资料 |
| 690 | @aTU3@v4 | |
| 701 | 0 | @a穆保岗@Amu bao gang@4主编 |
| 701 | 0 | @a邹胜斌@Azou sheng bin@4主编 |
| 701 | 0 | @a王冲@Awang chong@4主编 |
| 801 | 0 | @aCN@bQSSKxf@c20050421 |
| 905 | @a10447@dTU3@eM966 | |
| 一级注册结构工程师基础考试必读/穆保岗, 邹胜斌, 王冲主编.-第2版.-南京:东南大学出版社,2003 |
| 824页:图, 表格;26cm |
| 2003新规范 |
| ISBN 7-81050-738-9:CNY 88.00 |
| ● |
| 相关链接 |
|
|
|
正题名:一级注册结构工程师基础考试必读
索取号:TU3/M966
 
预约/预借
| 序号 | 登录号 | 条形码 | 馆藏地/架位号 | 状态 | 备注 |
| 1 | 441667 | 204416676 | 建筑库101/ [索取号:TU3/M966] | 在馆 | |
| 2 | 441668 | 204416685 | 建筑库101/101建筑库 74排2列3层/ [索取号:TU3/M966] | 在馆 | |
| 3 | 441669 | 204416694 | 建筑库101/101建筑库 74排2列3层/ [索取号:TU3/M966] | 在馆 |